| 000 | 00893nam a2200253Ia 4500 | ||
|---|---|---|---|
| 003 | OSt | ||
| 005 | 20221005111821.0 | ||
| 006 | a|||||r|||| 00| 0 | ||
| 007 | ta | ||
| 008 | 221004b |||||||| |||| 00| 0 hin d | ||
| 024 | _a28670 | ||
| 037 | _cTextual | ||
| 040 |
_aCRL _cCRL _bhin |
||
| 041 |
_2hin _ahin |
||
| 082 | _aNR44.N, 152 M3 | ||
| 100 | _aचौबे, सुशील कुमार, संपा. | ||
| 245 | 0 | _aहमारा आधुनिक संगीत | |
| 246 | _aHamārā ādhunik sangīta | ||
| 260 |
_aलखनऊ _bउत्तर प्रदेश हिन्दी संस्थान भारत _c1983 |
||
| 300 |
_a247पृ. _ccm. |
||
| 650 | _aसंगीत शास्त्र | ||
| 942 |
_hNR44.N, 152 M3 _cTEXL _2cc |
||
| 999 |
_c1023009 _d1023009 |
||